000 00826nam a2200205Ii 4500
003 JO-AjNU
008 230605s9999||||xx |||||||||||||| ||und||
017 _a2010/3/672
040 _aJO-AjNU
_bara
_erda
_cJO-AjNU
041 _aara
050 1 4 _aDS107.4.J52 2010
100 3 _aاعده وترجم نصوصه جرار، صلاح,
_eauthor
_933610
245 0 0 _aقلعة صانور وتاريخ آل جرار : صور من مشاهدات الرحالة في القرنين الثامن عشر والتاسع عشر
264 3 1 _aعمان: دار المامون للنشر والتوزيع، 2010
300 _a264ص
336 _atext
_btxt
_2rdacontent
337 _aunmediated
_bn
_2rdamedia
338 _avolume
_bnc
_2rdacarrier
650 4 _aآل جرار(قبيلة)- فلسطين- تاريخ- القرن 18-19
_933611
999 _aA13698
_c17266
_d17266